El ALCA: América para las transnacionales/
Kaydedildi:
| Yazar: | |
|---|---|
| Materyal Türü: | Kitap |
| Dil: | Spanish |
| Etiketler: |
Etiketle
Etiket eklenmemiş, İlk siz ekleyin!
|
MARC
| LEADER | 00000nam a22000007a 4500 | ||
|---|---|---|---|
| 003 | cru CIDCACS/IIS | ||
| 005 | 20180223143041.0 | ||
| 007 | ta | ||
| 008 | 180223s2001 uy |||p|r||||||0| ||spa|d | ||
| 999 | |c 41052 |d 41052 | ||
| 040 | |c cru CIDCACS/IIS | ||
| 100 | 1 | |9 6698 |a Ita, Ana de | |
| 245 | 1 | 3 | |a El ALCA: |b América para las transnacionales/ |c Ana de Ita |
| 300 | |a páginas 7-12 | ||
| 773 | 0 | |0 41050 |9 1814 |a Red de Ecología Social (Uruguay) |d Uruguay: REDES-AT; GRAIN |o 17970 |t Biodiversidad: |x 07977888X | |
| 942 | |2 ddc |c PP | ||
